| Tag |
First Indicator |
Second Indicator |
Subfields |
| LEADER |
00000cam a2200000 a 4500 |
| 001 |
in00000085528 |
| 005 |
20151008061527.0 |
| 008 |
820112s1981 enk b 00110 eng |
| 010 |
|
|
|a 80041620
|
| 015 |
|
|
|a GB***
|
| 019 |
|
|
|a 7581735
|
| 020 |
|
|
|a 0710300026
|
| 035 |
|
|
|a (OCoLC)07480340
|
| 035 |
|
|
|9 AAJ8250AM
|
| 039 |
0 |
|
|a 2
|b 3
|c 3
|d 3
|e 3
|
| 040 |
|
|
|a DLC
|c DLC
|d TXA
|d UtOrBLW
|
| 043 |
|
|
|a f-sa---
|
| 049 |
|
|
|a TXAM
|c [1561361]
|
| 050 |
0 |
0 |
|a PL8014.S6
|b F4
|
| 082 |
0 |
|
|a 809/.933520693
|2 19
|
| 100 |
1 |
|
|a February, V. A.
|q (Vernie A.)
|
| 245 |
1 |
0 |
|a Mind your colour :
|b the "coloured" stereotype in South African literature /
|c V.A. February.
|
| 264 |
|
1 |
|a London ;
|a Boston :
|b Kegan Paul International,
|c 1981.
|
| 300 |
|
|
|a viii, 248 pages ;
|c 23 cm.
|
| 336 |
|
|
|a text
|b txt
|2 rdacontent
|
| 337 |
|
|
|a unmediated
|b n
|2 rdamedia
|
| 338 |
|
|
|a volume
|b nc
|2 rdacarrier
|
| 490 |
1 |
|
|a Monographs from the African Studies Centre, Leiden
|
| 500 |
|
|
|a Includes index.
|
| 504 |
|
|
|a Bibliography: pages 222-235.
|
| 650 |
|
0 |
|a South African literature
|x History and criticism.
|
| 650 |
|
0 |
|a Colored people (South Africa) in literature.
|
| 830 |
|
0 |
|a Monographs from the African Studies Centre, Leiden.
|
| 999 |
|
|
|a MARS
|
| 999 |
f |
f |
|s 9dd62668-f3b5-3d1b-9399-39e87ac73553
|i ee1a2164-d8b3-373c-88f3-ac3a7f068a68
|t 0
|
| 952 |
f |
f |
|p ric
|a Texas A&M University
|b Rellis Campus
|c Joint Library Facility
|d Remote Storage
|t 0
|e PL8014.S6 F4
|h Library of Congress classification
|i unmediated -- volume
|m A14806176660
|
| 998 |
f |
f |
|a PL8014.S6 F4
|t 0
|l Remote Storage
|